000 00290nam a22001337a 4500
008 170608b xxu||||| |||| 00| 0 eng d
020 _a919737394x
041 _aeng
080 _a32
100 _a17
101 _aSHP
245 _aBEYOND THE NATION STATE
_cWINDFUHR, M
942 _2udc
_cBK
999 _c16535
_d16535